Normal view
MARC view
- MICROCONTROLLER
Entry Topical Term
001 - CONTROL NUMBER
- control field: 58161
003 - CONTROL NUMBER IDENTIFIER
- control field: NUST
005 - DATE AND TIME OF LATEST TRANSACTION
- control field: 20210628202055.0
008 - FIXED-LENGTH DATA ELEMENTS
- fixed length control field: 210628|| aca||aabn | a|a d
040 ## - CATALOGING SOURCE
- Original cataloging agency: NUST
- Transcribing agency: NUST
150 ## - HEADING--TOPICAL TERM
- Topical term or geographic name entry element: MICROCONTROLLER
670 ## - SOURCE DATA FOUND
- Source citation: Work cat.: (NUST): Ibrahim, Dogan 58160, Microcontroller projects in c the 8051, 2000
